| 000 | 00638cab a2200253 4500 | ||
|---|---|---|---|
| 001 | WB3014-60 | ||
| 008 | 090401t1994 xxu||||| |||| 00| 0 eng d | ||
| 035 | _a(Sirsi) u24287 | ||
| 041 | _aeng | ||
| 245 | _aSlovenia | ||
| 260 | _c1994 | ||
| 300 | _aLOAN | ||
| 350 | _a0 | ||
| 490 |
_aFinancial Times _v12 April 1994, 31-33(3) |
||
| 520 | _aSurvey of the most successful of the Yugoslav republics, Slovenia. | ||
| 650 | _aEASTERN EUROPE | ||
| 650 | _aECONOMIC SURVEY | ||
| 650 | _aFOREIGN INVESTMENT | ||
| 650 | _aSLOVENIA | ||
| 690 | _aOVERSEAS-EUROPE | ||
| 690 | _aSPECIAL REPORTS | ||
| 942 | _n0 | ||
| 948 | _c04/03/1997 | ||
| 999 |
_c16279 _d16279 |
||